000 00610nam a2200181 i 4500
001 116890
003 ES-MaACL
005 20230906190804.0
007 t|
008 061121s1981 sp a |||| | spa d
100 1 _aPavón Maldonado, Basilio.
_989689
245 1 3 _aEl arte hispanomusulmán en su decoración floral /
_cBasilio Pavón Maldonado.
260 _aMadrid :
_bInstituto Hispano-Árabe de Cultura,
_c1981.
300 _a197 p., 123 lám., 30 tabl. ;
_c28 cm.
650 0 4 _aArte musulmán-
_zEspaña.
_910253
710 2 _aInstituto Hispano-Árabe de Cultura.
_9162165
852 _aES-MaACL
_jL-4053
999 _c116890
_d116890